000 00267nam a2200109Ia 4500
008 190216s9999||||xx |||||||||||||| ||und||
100 _aAlan Simpson 
 Cele Sterobinson
245 0 _aAccess 2000
260 _bBpb Publications
_c1999
300 _a1162p
942 _cBK
999 _c8773
_d8773